00508nam a2200205Ia 4500008004100000020001800041050001400059100001700073245002200090245002900112245003600141260001500177260001600192260000900208300001400217300002700231300001000258440002600268500000800294170918s9999 xx 000 0 und d a9780590187312 bC689 1999 aCole, Joanna aGets programmed : ba book about computers / cby Joanna Cole and Bruce Degen. aNew York : bScholastic, c1999 aunpaged : bcolored illustration ; c20cm. aThe magic school bus. a470